[Event "4NCL/Div3/NWE2 vs. MIN"]
[Site "Coventry ENG"]
[Date "2006.11.11"]
[Round "3.7"]
[White "Savory, Richard"]
[Black "Twitchell, Neville H"]
[Result "1-0"]
[WhiteElo "2101"]
[BlackElo "1994"]
[PlyCount "81"]
[EventDate "2006.11.11"]
[EventType "team"]
[EventRounds "11"]
[EventCountry "ENG"]
[WhiteTeam "N W Eagles 2"]
[BlackTeam "Mind Sports"]

1. e4 c5 2. Nf3 d6 3. d4 cxd4 4. Nxd4 Nf6 5. Nc3 a6 6. Be2 e5 7. Nb3 Be7 8. O-O
O-O 9. Be3 Nc6 10. a4 Qc7 11. a5 Be6 12. Qd2 Nb4 13. Bb6 Qc6 14. Bf3 Qc4 15.
Ra4 d5 16. exd5 Nfxd5 17. Nxd5 Bxd5 18. Rxb4 Bxb4 19. Bxd5 Qxb3 20. c3 Bxc3 21.
bxc3 Qb5 22. Bxb7 Rab8 23. Qd5 Qe2 24. c4 Rxb7 25. Qxb7 Qxc4 26. Rd1 g6 27. Qd5
Qe2 28. Qd3 Qg4 29. h3 Qc8 30. Qd5 Re8 31. Qd7 Qa8 32. Qxe8+ Qxe8 33. Rd8 Qxd8
34. Bxd8 f5 35. Bc7 e4 36. Kf1 Kf7 37. Ke2 Ke6 38. Ke3 h6 39. h4 Kd5 40. Kf4
Kd4 41. Bb6+ 1-0

[Event "4NCL/Div3/NWE2 vs. MIN"]
[Site "Coventry ENG"]
[Date "2006.11.11"]
[Round "3.8"]
[White "Chadwick, Susan E"]
[Black "Morrison, Lynne"]
[Result "0-1"]
[WhiteElo "1620"]
[BlackElo "1969"]
[PlyCount "130"]
[EventDate "2006.11.11"]
[EventType "team"]
[EventRounds "11"]
[EventCountry "ENG"]
[WhiteTeam "Mind Sports"]
[BlackTeam "N W Eagles 2"]

1. d4 d5 2. Nf3 Nf6 3. e3 e6 4. Bd3 c5 5. b3 b6 6. Bb2 Bb7 7. O-O Nbd7 8. Nbd2
Be7 9. Ne5 Qc7 10. f4 a6 11. Ndf3 Rf8 12. c3 Ne4 13. Nxd7 Qxd7 14. Ne5 Qc7 15.
Qh5 h6 16. Be2 Bd6 17. Rac1 Qe7 18. Bg4 Nf6 19. Qh3 Nxg4 20. Qxg4 g6 21. Rf3 h5
22. Qg5 a5 23. Qxe7+ Kxe7 24. Rg3 Rac8 25. Rf3 Ba6 26. c4 dxc4 27. bxc4 Bb7 28.
Rf2 Rfd8 29. Bc3 Be4 30. Be1 f6 31. Nf3 Kf7 32. Rb2 Bc7 33. Nd2 Bc6 34. Bh4
cxd4 35. exd4 Rxd4 36. Bf2 Rxf4 37. Bxb6 Bxb6+ 38. Rxb6 Rd4 39. Nb3 Rg4 40. Rc2
a4 41. Na5 Ba8 42. Rb4 a3 43. Rb3 Rd4 44. Rxa3 e5 45. Nb3 Rd7 46. Nd2 Rcd8 47.
Nf1 Be4 48. Rb2 Rc8 49. Ne3 f5 50. Rc3 f4 51. Nf1 Rd1 52. Rd2 Rxd2 53. Nxd2 Bc6
54. a3 e4 55. c5 e3 56. Nc4 Ke6 57. Rc1 Rd8 58. Nd6 Rb8 59. Re1 Rb2 60. Kf1
Bxg2+ 61. Kg1 Bc6 62. Kf1 Rxh2 63. Nc4 Rh1+ 64. Ke2 f3+ 65. Kd1 Ba4+ 0-1

[Event "4NCL/Div3/FCA1 vs. BRJ"]
[Site "Coventry ENG"]
[Date "2006.11.11"]
[Round "3.1"]
[White "Hetey, Laszlo"]
[Black "Richmond, Peter A"]
[Result "1-0"]
[WhiteElo "2327"]
[BlackElo "2248"]
[PlyCount "41"]
[EventDate "2006.11.11"]
[EventType "team"]
[EventRounds "11"]
[EventCountry "ENG"]
[WhiteTeam "FCA Solutions 1"]
[BlackTeam "Brown Jack"]

1. d4 d5 2. Nf3 c6 3. c4 e6 4. Qc2 Nf6 5. e3 Nbd7 6. Nc3 Bd6 7. Bd3 O-O 8. O-O
dxc4 9. Bxc4 e5 10. Rd1 Qe7 11. e4 exd4 12. Nxd4 Nc5 13. f3 Qc7 14. g3 Re8 15.
Ncb5 cxb5 16. Nxb5 Qa5 17. Nxd6 Ncxe4 18. Nxe8 Nxe8 19. Qxe4 Nf6 20. Bd2 Qh5
21. Bc3 1-0

[Event "4NCL/Div3/FCA1 vs. BRJ"]
[Site "Coventry ENG"]
[Date "2006.11.11"]
[Round "3.2"]
[White "Headlong, Timothy"]
[Black "Macdonald-Ross, Michael"]
[Result "1-0"]
[WhiteElo "2214"]
[BlackElo "2160"]
[PlyCount "57"]
[EventDate "2006.11.11"]
[EventType "team"]
[EventRounds "11"]
[EventCountry "ENG"]
[WhiteTeam "Brown Jack"]
[BlackTeam "FCA Solutions 1"]

1. c4 e6 2. Nf3 Nf6 3. Nc3 d5 4. d4 Be7 5. Bg5 h6 6. Bh4 O-O 7. e3 b6 8. Rc1
Bb7 9. Bxf6 Bxf6 10. cxd5 exd5 11. Bd3 Re8 12. O-O Re7 13. b4 c6 14. e4 g6 15.
e5 Bg7 16. Ne2 Nd7 17. Nf4 Nf8 18. Re1 Qd7 19. a4 a5 20. b5 Rc8 21. bxc6 Bxc6
22. Qb3 Ne6 23. Nxe6 Rxe6 24. Qxb6 Bxa4 25. Rxc8+ Qxc8 26. Qxa5 Bb3 27. Nd2 Qb7
28. Rb1 Rb6 29. Bc2 1-0

[Event "4NCL/Div3/FCA1 vs. BRJ"]
[Site "Coventry ENG"]
[Date "2006.11.11"]
[Round "3.3"]
[White "Constantinou, Peter"]
[Black "Girdlestone, Paul"]
[Result "1/2-1/2"]
[WhiteElo "2156"]
[BlackElo "2225"]
[PlyCount "28"]
[EventDate "2006.11.11"]
[EventType "team"]
[EventRounds "11"]
[EventCountry "ENG"]
[WhiteTeam "FCA Solutions 1"]
[BlackTeam "Brown Jack"]

1. d4 Nf6 2. Bf4 b6 3. Nf3 Bb7 4. e3 g6 5. Be2 Bg7 6. O-O O-O 7. h3 d6 8. a4 a5
9. c3 Nbd7 10. Na3 Ne4 11. Bh2 e5 12. Bb5 Ng5 13. Nxg5 Qxg5 14. Qg4 Qxg4
1/2-1/2

[Event "4NCL/Div3/FCA1 vs. BRJ"]
[Site "Coventry ENG"]
[Date "2006.11.11"]
[Round "3.4"]
[White "Rabbitt, Michael"]
[Black "Smith, Graham"]
[Result "0-1"]
[WhiteElo "2165"]
[BlackElo "2128"]
[PlyCount "94"]
[EventDate "2006.11.11"]
[EventType "team"]
[EventRounds "11"]
[EventCountry "ENG"]
[WhiteTeam "Brown Jack"]
[BlackTeam "FCA Solutions 1"]

1. e4 e5 2. Nf3 Nc6 3. Bb5 a6 4. Ba4 Nf6 5. O-O Be7 6. Qe2 b5 7. Bb3 O-O 8. a4
b4 9. d3 d6 10. h3 Be6 11. Nbd2 Na5 12. Bxe6 fxe6 13. Ng5 Qd7 14. f4 exf4 15.
e5 Nd5 16. Ndf3 h6 17. Ne4 Nc6 18. c4 bxc3 19. bxc3 dxe5 20. c4 Nf6 21. Bb2
Nxe4 22. Qxe4 Rad8 23. Rad1 Bc5+ 24. Kh1 Bd4 25. Nxd4 Nxd4 26. Qxe5 Rf5 27. Qe4
e5 28. Bxd4 exd4 29. Rxf4 Rxf4 30. Qxf4 Rf8 31. Qh4 Qxa4 32. Re1 Qd7 33. Kg1 c5
34. Re7 Qf5 35. Qg3 Rf7 36. Qb8+ Kh7 37. Re8 Qxd3 38. Rh8+ Kg6 39. Qd6+ Rf6 40.
Qd7 Qe3+ 41. Kh2 Qf4+ 42. Kg1 Qe4 43. Re8 Qf5 44. Qb7 Re6 45. g4 Qe4 46. Rxe6+
Qxe6 47. Qf3 Qe3+ 0-1

[Event "4NCL/Div3/FCA1 vs. BRJ"]
[Site "Coventry ENG"]
[Date "2006.11.11"]
[Round "3.5"]
[White "Reuben, Stewart"]
[Black "Hall, Daniel J"]
[Result "0-1"]
[WhiteElo "2146"]
[BlackElo "2059"]
[PlyCount "66"]
[EventDate "2006.11.11"]
[EventType "team"]
[EventRounds "11"]
[EventCountry "ENG"]
[WhiteTeam "FCA Solutions 1"]
[BlackTeam "Brown Jack"]

1. c4 e5 2. g3 Nf6 3. Bg2 Nc6 4. Nc3 Bb4 5. Nd5 a5 6. a3 Bc5 7. d3 O-O 8. Nf3
h6 9. Bd2 d6 10. O-O Be6 11. b4 axb4 12. axb4 Rxa1 13. Qxa1 Bd4 14. Qa2 b5 15.
Nxd4 Nxd4 16. e3 Nf5 17. cxb5 Kh8 18. Qc4 Ne7 19. e4 Qb8 20. f4 Nexd5 21. exd5
Qb6+ 22. Kh1 Bd7 23. fxe5 Ng4 24. Qf4 dxe5 25. Qf3 Qg6 26. h3 Nf6 27. Bc3 Bxb5
28. Bxe5 Bxd3 29. Rd1 Be4 30. Qf2 Qh5 31. Bxf6 Qxd1+ 32. Kh2 Bxg2 33. Kxg2
Qxd5+ 0-1

[Event "4NCL/Div3/FCA1 vs. BRJ"]
[Site "Coventry ENG"]
[Date "2006.11.11"]
[Round "3.6"]
[White "Cabero, Pablo Padilla"]
[Black "Habershon, Paul"]
[Result "0-1"]
[WhiteElo "2085"]
[BlackElo "2095"]
[PlyCount "63"]
[EventDate "2006.11.11"]
[EventType "team"]
[EventRounds "11"]
[EventCountry "ENG"]
[WhiteTeam "Brown Jack"]
[BlackTeam "FCA Solutions 1"]

1. e4 Nf6 2. e5 Nd5 3. Bc4 Nb6 4. Bb3 d6 5. Nf3 Nc6 6. d4 dxe5 7. c3 exd4 8.
cxd4 e6 9. O-O Be7 10. Nc3 O-O 11. Bf4 Nd5 12. Bxd5 exd5 13. Nb5 Bg4 14. Bxc7
Qd7 15. Bg3 a6 16. Nc3 Rad8 17. Re1 Bf6 18. Be5 Bxe5 19. dxe5 Rfe8 20. h3 Bxh3
21. gxh3 Qxh3 22. Nh2 Re6 23. Qf3 Qh4 24. Kh1 Rg6 25. Rad1 Nd4 26. Rxd4 Qxd4
27. Rd1 Qxe5 28. Nxd5 Rgd6 29. Nc3 Rxd1+ 30. Nxd1 Qe1+ 31. Kg2 Rxd1 32. Qxb7
0-1

[Event "4NCL/Div3/FCA1 vs. BRJ"]
[Site "Coventry ENG"]
[Date "2006.11.11"]
[Round "3.7"]
[White "Freeman, Richard C P"]
[Black "Tomboline, David"]
[Result "1/2-1/2"]
[WhiteElo "2097"]
[BlackElo "1975"]
[PlyCount "51"]
[EventDate "2006.11.11"]
[EventType "team"]
[EventRounds "11"]
[EventCountry "ENG"]
[WhiteTeam "FCA Solutions 1"]
[BlackTeam "Brown Jack"]

1. e4 b6 2. d4 Bb7 3. Nc3 e6 4. Nf3 Nf6 5. Bd3 Bb4 6. Qe2 d5 7. exd5 Bxd5 8.
O-O Bxc3 9. bxc3 O-O 10. Ne5 h6 11. Ba3 Re8 12. Bb5 Nfd7 13. Qh5 Nxe5 14. dxe5
c6 15. Bd3 b5 16. Bc1 Nd7 17. Re1 f5 18. Bxh6 gxh6 19. Qg6+ Kf8 20. Qxh6+ Kf7
21. Qh7+ Kf8 22. Re3 Re7 23. Qh8+ Kf7 24. Qh5+ Kf8 25. Qh8+ Kf7 26. Qh5+
1/2-1/2

[Event "4NCL/Div3/FCA1 vs. BRJ"]
[Site "Coventry ENG"]
[Date "2006.11.11"]
[Round "3.8"]
[White "Thomas, Nicola D"]
[Black "Evans, Helen"]
[Result "1-0"]
[WhiteElo "1910"]
[BlackElo "1740"]
[PlyCount "79"]
[EventDate "2006.11.11"]
[EventType "team"]
[EventRounds "11"]
[EventCountry "ENG"]
[WhiteTeam "Brown Jack"]
[BlackTeam "FCA Solutions 1"]

1. e4 d6 2. d4 Nf6 3. Bd3 e5 4. c3 Be7 5. h3 b6 6. Be3 Bb7 7. Nd2 Nbd7 8. Qc2
Nh5 9. O-O-O Bg5 10. Bxg5 Qxg5 11. g3 O-O-O 12. Ne2 Qf6 13. Rhf1 g5 14. Kb1 Kb8
15. f3 Rhf8 16. Rc1 Rc8 17. Qa4 Qe7 18. b4 c5 19. Bb5 Rc7 20. d5 f5 21. Ba6
Bxa6 22. Qxa6 Rb7 23. exf5 Nhf6 24. Qd3 b5 25. Ne4 h6 26. g4 Qf7 27. Nxd6 Qxd5
28. Qxd5 Nxd5 29. Nxb7 Kxb7 30. bxc5 Nxc5 31. Rfd1 Kc6 32. Ng3 Na4 33. Ne4 Nab6
34. Rh1 Nf6 35. Nxf6 Rxf6 36. Rcd1 Nd5 37. Kb2 a5 38. Rhe1 Kd6 39. Re2 Rf8 40.
Red2 1-0

[Event "4NCL/Div3/WES2 vs. KHE"]
[Site "Coventry ENG"]
[Date "2006.11.11"]
[Round "3.1"]
[White "Ferrington, Nigel M"]
[Black "Whiteley, Andrew"]
[Result "1/2-1/2"]
[WhiteElo "2110"]
[BlackElo "2245"]
[PlyCount "110"]
[EventDate "2006.11.11"]
[EventType "team"]
[EventRounds "11"]
[EventCountry "ENG"]
[WhiteTeam "Wessex 2"]
[BlackTeam "Kings Head"]

1. e4 e6 2. d4 d5 3. exd5 exd5 4. c4 Bb4+ 5. Nc3 Qe7+ 6. Be2 dxc4 7. Nf3 Nf6 8.
O-O O-O 9. Bxc4 Bg4 10. Bg5 c6 11. Qd3 Nbd7 12. Rac1 Rad8 13. Rfe1 Qd6 14. Ne4
Qc7 15. Nxf6+ Nxf6 16. Bxf6 gxf6 17. Re3 Qf4 18. Rd1 Bd6 19. g3 Qf5 20. Qxf5
Bxf5 21. Nh4 Bc2 22. Rd2 Bg6 23. Nxg6 hxg6 24. Be2 Rd7 25. Rd1 Rfd8 26. Red3
Be7 27. b3 f5 28. Bf3 Bf6 29. d5 c5 30. Kf1 g5 31. g4 fxg4 32. Bxg4 Rd6 33. Bf3
Kg7 34. h3 Rh8 35. Kg2 Rh4 36. Re3 c4 37. bxc4 Rxc4 38. Rb1 Rc2 39. Re2 Rxe2
40. Bxe2 b6 41. Bf3 Bd4 42. Re1 Kf6 43. Rc1 Bc5 44. Re1 Rd7 45. Re2 Re7 46.
Rxe7 Bxe7 47. Bh5 b5 48. Kf3 Bc5 49. Ke2 Ke7 50. f3 f5 51. Kd3 a6 52. Bg6 Kf6
53. Be8 Ke5 54. Bd7 Bf2 55. Bc8 Kxd5 1/2-1/2

[Event "4NCL/Div3/WES2 vs. KHE"]
[Site "Coventry ENG"]
[Date "2006.11.11"]
[Round "3.2"]
[White "McMichael, Richard"]
[Black "Rutter, Nicholas"]
[Result "0-1"]
[WhiteElo "2267"]
[BlackElo "2167"]
[PlyCount "79"]
[EventDate "2006.11.11"]
[EventType "team"]
[EventRounds "11"]
[EventCountry "ENG"]
[WhiteTeam "Kings Head"]
[BlackTeam "Wessex 2"]

1. c4 e6 2. g3 d5 3. Bg2 Nf6 4. Nf3 Nbd7 5. b3 b6 6. Bb2 Bb7 7. O-O c5 8. d3
Qc7 9. Qc2 Be7 10. Nc3 O-O 11. e4 d4 12. Ne2 Ng4 13. h3 Nge5 14. Nd2 Nc6 15. f4
f5 16. Rae1 Rae8 17. a3 g6 18. Kh1 Bf6 19. Ng1 Bg7 20. Re2 Nf6 21. Rfe1 Nh5 22.
Nf1 Qd7 23. Qd1 Kh8 24. Bc1 Nf6 25. Nd2 Nd8 26. Ngf3 Nf7 27. Nh2 fxe4 28. Nxe4
Nxe4 29. Bxe4 Bxe4+ 30. Rxe4 e5 31. Ng4 h5 32. Nf2 Ng5 33. fxg5 Rxf2 34. Rh4
Ref8 35. Kg1 Qf5 36. g4 Rg2+ 37. Kxg2 Qf2+ 38. Kh1 Qxh4 39. Re2 Qxh3+ 40. Kg1
0-1

[Event "4NCL/Div3/WES2 vs. KHE"]
[Site "Coventry ENG"]
[Date "2006.11.11"]
[Round "3.3"]
[White "Gregory, Keith D"]
[Black "Krzywda, Andrzej"]
[Result "0-1"]
[WhiteElo "2069"]
[BlackElo "2162"]
[PlyCount "58"]
[EventDate "2006.11.11"]
[EventType "team"]
[EventRounds "11"]
[EventCountry "ENG"]
[WhiteTeam "Wessex 2"]
[BlackTeam "Kings Head"]

1. Nf3 c5 2. c4 Nf6 3. g3 b6 4. Bg2 Bb7 5. O-O e6 6. d3 Be7 7. Nbd2 O-O 8. Rb1
d5 9. Ne1 Nc6 10. a3 Qc7 11. b3 d4 12. Nc2 a5 13. Nf3 e5 14. Bd2 e4 15. Nfe1
Ne5 16. b4 axb4 17. axb4 Nfg4 18. bxc5 Bxc5 19. Bf4 Qe7 20. h3 Nf6 21. Bg5 Rfd8
22. Bxf6 Qxf6 23. Nb4 Qg6 24. Qb3 Rab8 25. dxe4 Bxb4 26. Qxb4 Bxe4 27. Bxe4
Qxe4 28. Nd3 Rdc8 29. Qe7 Nf3+ 0-1

[Event "4NCL/Div3/WES2 vs. KHE"]
[Site "Coventry ENG"]
[Date "2006.11.11"]
[Round "3.4"]
[White "Kwiatkowski, Feliks J"]
[Black "Tunks, Dominic"]
[Result "1-0"]
[WhiteElo "2226"]
[BlackElo "2115"]
[PlyCount "181"]
[EventDate "2006.11.11"]
[EventType "team"]
[EventRounds "11"]
[EventCountry "ENG"]
[WhiteTeam "Kings Head"]
[BlackTeam "Wessex 2"]

1. e4 c5 2. Nf3 d6 3. d4 Nf6 4. Nc3 cxd4 5. Nxd4 Nc6 6. Bc4 Qb6 7. Ndb5 Bg4 8.
Be3 Qxe3+ 9. fxe3 Bxd1 10. Nc7+ Kd7 11. Nxa8 Bh5 12. O-O e6 13. Bd3 Be7 14.
Nb6+ axb6 15. h3 g5 16. Rf2 Bg6 17. Raf1 Nh5 18. Kh2 Ng7 19. a3 g4 20. hxg4 h5
21. g5 Bxg5 22. Rxf7+ Bxf7 23. Rxf7+ Ne7 24. Rxg7 Bxe3 25. Bb5+ Kd8 26. Be2 Ke8
27. Kh3 Bf4 28. Bxh5+ Rxh5+ 29. Kg4 Kf8 30. Rxe7 Kxe7 31. Kxh5 Bc1 32. Nd1 Kf6
33. Kg4 b5 34. Kf3 Kg5 35. b3 Bxa3 36. Nc3 Bb2 37. Nxb5 Be5 38. c4 Kf6 39. Ke3
Kg5 40. Nd4 Kf6 41. Nf3 Bg3 42. Kd4 Bf2+ 43. Kd3 Ke7 44. g4 Bc5 45. Ke2 Kf7 46.
Kf1 Ke7 47. Kg2 Be3 48. Kg3 Kf6 49. Kh4 Kg6 50. g5 Bc1 51. Kg4 Bb2 52. Nh4+ Kf7
53. Ng2 Bc1 54. Nf4 Ke7 55. b4 Bd2 56. b5 Be3 57. Nd3 Kf7 58. Kh5 Kg7 59. Kg4
Kf7 60. e5 dxe5 61. Nxe5+ Ke7 62. Kh5 Bd4 63. Nf3 Bc3 64. Kg4 Kd6 65. Kf4 Kc5
66. Ke4 Bg7 67. Kd3 Kd6 68. Ke4 Kc5 69. Nd2 Kd6 70. Nb3 b6 71. Kf4 Be5+ 72. Ke4
Bg7 73. Nc1 Kc5 74. Kd3 Kd6 75. Ne2 Be5 76. Ke4 Bg7 77. Ng3 Kc5 78. Nh5 Bb2 79.
Kd3 Kd6 80. g6 Ke7 81. Ke4 Ba3 82. g7 Kf7 83. Ke5 Bb2+ 84. Kd6 Bd4 85. g8=Q+
Kxg8 86. Kxe6 Kf8 87. Nf6 Bf2 88. Kd6 Bg1 89. Kc6 Ke7 90. Nd5+ Kd8 91. Nxb6 1-0

[Event "4NCL/Div3/WES2 vs. KHE"]
[Site "Coventry ENG"]
[Date "2006.11.11"]
[Round "3.5"]
[White "Vause, Jonathan"]
[Black "Thomas, Richard H"]
[Result "1/2-1/2"]
[WhiteElo "2040"]
[BlackElo "2190"]
[PlyCount "29"]
[EventDate "2006.11.11"]
[EventType "team"]
[EventRounds "11"]
[EventCountry "ENG"]
[WhiteTeam "Wessex 2"]
[BlackTeam "Kings Head"]

1. c4 g6 2. Nc3 Bg7 3. d4 d6 4. e4 Nc6 5. Be3 e5 6. dxe5 Bxe5 7. Qd2 Nge7 8.
Nf3 Bg7 9. Bh6 Bxh6 10. Qxh6 Ng8 11. Qe3 Nf6 12. Nd4 Ng4 13. Qd2 Nxd4 14. Qxd4
Qf6 15. Qxf6 1/2-1/2

[Event "4NCL/Div3/WES2 vs. KHE"]
[Site "Coventry ENG"]
[Date "2006.11.11"]
[Round "3.6"]
[White "Okike, David C"]
[Black "Pym, Thomas W"]
[Result "1/2-1/2"]
[WhiteElo "2178"]
[BlackElo "2080"]
[PlyCount "185"]
[EventDate "2006.11.11"]
[EventType "team"]
[EventRounds "11"]
[EventCountry "ENG"]
[WhiteTeam "Kings Head"]
[BlackTeam "Wessex 2"]

1. e4 c5 2. Nf3 d6 3. d4 cxd4 4. Nxd4 Nf6 5. Nc3 g6 6. Be3 Bg7 7. f3 O-O 8. Qd2
Nc6 9. O-O-O d5 10. exd5 Nxd5 11. Nxc6 bxc6 12. Bd4 e5 13. Bc5 Be6 14. Ne4 Rb8
15. h4 Re8 16. Bc4 h6 17. Bxa7 Ra8 18. Bc5 Ra5 19. Bb4 Ra4 20. c3 Bf8 21. Bxf8
Rxc4 22. Bb4 Qa8 23. b3 Nxb4 24. Nf6+ Kf8 25. Qd6+ Re7 26. Qd8+ Qxd8 27. Rxd8+
Kg7 28. bxc4 Nxa2+ 29. Kb2 Kxf6 30. Kxa2 Bxc4+ 31. Kb2 Bd5 32. Rd6+ Kf5 33. h5
e4 34. hxg6 fxg6 35. fxe4+ Rxe4 36. Rxh6 Re2+ 37. Ka3 Rxg2 38. Kb4 Rb2+ 39. Kc5
Ke5 40. c4 Rc2 41. Rdxg6 Rxc4+ 42. Kb6 Rb4+ 43. Kc7 Rf4 44. Rh8 Rf1 45. Re8+
Kd4 46. Kd6 Rf4 47. Re1 Rh4 48. Rd1+ Kc4 49. Rf6 Re4 50. Rh6 Rg4 51. Rh2 Rg6+
52. Kc7 Rg3 53. Rh4+ Kc5 54. Rc1+ Kb5 55. Rh6 Rf3 56. Rh8 Rf7+ 57. Kd6 Rf6+ 58.
Ke5 Re6+ 59. Kf5 Kb6 60. Rd8 Re2 61. Ra8 Kb7 62. Rca1 Kc7 63. R1a5 Re1 64. Rh8
Kd6 65. Rd8+ Kc7 66. Raa8 Kb6 67. Rdb8+ Kc7 68. Kf4 Re2 69. Ra1 Kd6 70. Rc1
Re4+ 71. Kg3 Kc7 72. Rb2 Re8 73. Kf2 Rh8 74. Ke3 Rh3+ 75. Kd4 Kd6 76. Rb6 Rg3
77. Rf1 Rg4+ 78. Ke3 Kc5 79. Rb8 Re4+ 80. Kd2 Rd4+ 81. Kc3 Rh4 82. Rd8 Rh3+ 83.
Kd2 Rh2+ 84. Ke3 Rh3+ 85. Kf4 Rh4+ 86. Kf5 Rh5+ 87. Kg4 Re5 88. Rc1+ Kb6 89.
Kf4 Re4+ 90. Kf5 Re2 91. Kf6 Re3 92. Rd7 Re2 93. Re7 1/2-1/2

[Event "4NCL/Div3/WES2 vs. KHE"]
[Site "Coventry ENG"]
[Date "2006.11.11"]
[Round "3.7"]
[White "Hutchinson, Joanne"]
[Black "Ward, Julian T"]
[Result "0-1"]
[WhiteElo "1715"]
[BlackElo "2200"]
[PlyCount "56"]
[EventDate "2006.11.11"]
[EventType "team"]
[EventRounds "11"]
[EventCountry "ENG"]
[WhiteTeam "Wessex 2"]
[BlackTeam "Kings Head"]

1. d4 Nf6 2. c4 e6 3. Nf3 Be7 4. Nc3 d5 5. e3 O-O 6. cxd5 exd5 7. Bd3 Re8 8. h3
c6 9. O-O Nbd7 10. Bd2 Bd6 11. Rc1 Ne4 12. Be1 Qe7 13. Bb1 Nf8 14. Ne2 Ng6 15.
Kh1 Bc7 16. a3 a5 17. Ng3 Qd6 18. b4 Nxg3+ 19. fxg3 Rxe3 20. Kh2 Rxa3 21. bxa5
Bd7 22. Bxg6 hxg6 23. Rb1 Ra2 24. Rxb7 Bc8 25. Rb1 f6 26. Nh4 Qe6 27. Kh1 g5
28. Ng6 Qe4 0-1

[Event "4NCL/Div3/BRI2 vs. GUI4"]
[Site "Coventry ENG"]
[Date "2006.11.11"]
[Round "3.1"]
[White "Timmins, Chris P"]
[Black "Stimpson, Philip M"]
[Result "1/2-1/2"]
[WhiteElo "2105"]
[BlackElo "2097"]
[PlyCount "114"]
[EventDate "2006.11.11"]
[EventType "team"]
[EventRounds "11"]
[EventCountry "ENG"]
[WhiteTeam "Bristol 2"]
[BlackTeam "Guildford-ADC 4"]

1. d4 Nf6 2. c4 e5 3. dxe5 Ng4 4. Nf3 Nc6 5. a3 Bc5 6. e3 a5 7. b3 Ngxe5 8.
Nxe5 Nxe5 9. Bb2 Qe7 10. Nc3 O-O 11. Nd5 Qd6 12. Qc2 c6 13. Nc3 Qg6 14. Qxg6
Nxg6 15. Ne4 Be7 16. O-O-O b6 17. Nd6 Bxd6 18. Rxd6 Re8 19. Be2 Re6 20. Rhd1
Nf8 21. Bg4 Rxd6 22. Rxd6 Ne6 23. Kc2 Kf8 24. Be5 Ke7 25. Rd1 f6 26. Bd6+ Kd8
27. Bxe6 dxe6 28. Bc5+ Kc7 29. Bf8 g6 30. Bg7 f5 31. Be5+ Kb7 32. Rd8 Ka6 33.
Rh8 Bb7 34. Rxh7 c5 35. f3 Rg8 36. Re7 Bc8 37. Kd2 g5 38. Ke2 Rg6 39. Kf2 Rg8
40. Ke2 Rg6 41. h3 Bb7 42. Rg7 Rxg7 43. Bxg7 a4 44. bxa4 Ka5 45. Bf6 Kxa4 46.
Bxg5 Ba6 47. Bd8 Bxc4+ 48. Kd2 b5 49. Be7 b4 50. Bxc5 bxa3 51. g4 fxg4 52. fxg4
e5 53. Bd6 e4 54. Be5 Kb3 55. h4 Be6 56. g5 Bf7 57. Ke2 Kc4 1/2-1/2

[Event "4NCL/Div3/BRI2 vs. GUI4"]
[Site "Coventry ENG"]
[Date "2006.11.11"]
[Round "3.2"]
[White "Shepley, Julien M"]
[Black "Dilleigh, Stephen P"]
[Result "1-0"]
[WhiteElo "2119"]
[BlackElo "2130"]
[PlyCount "63"]
[EventDate "2006.11.11"]
[EventType "team"]
[EventRounds "11"]
[EventCountry "ENG"]
[WhiteTeam "Guildford-ADC 4"]
[BlackTeam "Bristol 2"]

1. d4 Nf6 2. Bg5 Ne4 3. Bf4 c5 4. d5 Qb6 5. Bc1 g6 6. f3 Nd6 7. e4 Bg7 8. c3 f5
9. Nd2 O-O 10. Nc4 Nxc4 11. Bxc4 d6 12. Qe2 Qd8 13. f4 fxe4 14. Qxe4 Nd7 15.
Nf3 Nb6 16. O-O Bf5 17. Qe2 Nxc4 18. Qxc4 Qd7 19. Ng5 b5 20. Qe2 Bf6 21. Ne6
Bxe6 22. dxe6 Qc6 23. f5 Bg7 24. fxg6 Rxf1+ 25. Qxf1 Rf8 26. gxh7+ Kh8 27. Qe2
Rf5 28. Qg4 Rf6 29. Bg5 Rf8 30. Bxe7 Re8 31. Rf1 Qd5 32. Rf8+ 1-0

[Event "4NCL/Div3/BRI2 vs. GUI4"]
[Site "Coventry ENG"]
[Date "2006.11.11"]
[Round "3.3"]
[White "Collier, David O"]
[Black "Hill, David F"]
[Result "1/2-1/2"]
[WhiteElo "2175"]
[BlackElo "2044"]
[PlyCount "71"]
[EventDate "2006.11.11"]
[EventType "team"]
[EventRounds "11"]
[EventCountry "ENG"]
[WhiteTeam "Bristol 2"]
[BlackTeam "Guildford-ADC 4"]

1. d4 g6 2. e4 Bg7 3. g3 d6 4. Bg2 Nf6 5. Ne2 O-O 6. O-O e5 7. d5 c6 8. c4 cxd5
9. cxd5 b5 10. b4 a5 11. bxa5 Qxa5 12. Bd2 b4 13. Nc1 Na6 14. a3 Bg4 15. Qe1
Qa4 16. Ra2 b3 17. Rb2 Rfb8 18. Qe3 Bd7 19. Rxb3 Rxb3 20. Qxb3 Nc5 21. Qxa4
Bxa4 22. f3 Bc2 23. Ne2 Nd3 24. Bh3 h6 25. Nec3 g5 26. Nb5 Rb8 27. N1c3 Bf8 28.
Ra1 g4 29. Bg2 Nc5 30. Re1 gxf3 31. Bxf3 Nfxe4 32. Nxe4 Nxe4 33. Bxe4 Bxe4 34.
Nc3 Bd3 35. Ra1 e4 36. a4 1/2-1/2

[Event "4NCL/Div3/BRI2 vs. GUI4"]
[Site "Coventry ENG"]
[Date "2006.11.11"]
[Round "3.4"]
[White "Smart, Michael R"]
[Black "Curtis, John"]
[Result "1/2-1/2"]
[WhiteElo "1990"]
[BlackElo "2118"]
[PlyCount "31"]
[EventDate "2006.11.11"]
[EventType "team"]
[EventRounds "11"]
[EventCountry "ENG"]
[WhiteTeam "Guildford-ADC 4"]
[BlackTeam "Bristol 2"]

1. e4 d6 2. d4 Nf6 3. Nc3 e5 4. Nf3 Nbd7 5. Bc4 Be7 6. Qe2 O-O 7. dxe5 dxe5 8.
O-O c6 9. a4 a5 10. h3 Qc7 11. Bg5 Nc5 12. Rfd1 Be6 13. Bxe6 Nxe6 14. Be3 Rfd8
15. Qc4 h6 16. Ne2 1/2-1/2

[Event "4NCL/Div3/BRI2 vs. GUI4"]
[Site "Coventry ENG"]
[Date "2006.11.11"]
[Round "3.5"]
[White "Humphreys, Jerry"]
[Black "Bryant, Richard"]
[Result "1-0"]
[WhiteElo "2106"]
[BlackElo "1957"]
[PlyCount "75"]
[EventDate "2006.11.11"]
[EventType "team"]
[EventRounds "11"]
[EventCountry "ENG"]
[WhiteTeam "Bristol 2"]
[BlackTeam "Guildford-ADC 4"]

1. e4 c5 2. Nc3 e6 3. Nge2 Nc6 4. g3 g6 5. Bg2 Bg7 6. d3 Nge7 7. Be3 Nd4 8. Qd2
Rb8 9. Nc1 b5 10. Nd1 e5 11. O-O d6 12. c3 Ndc6 13. Bh6 O-O 14. Bxg7 Kxg7 15.
Ne2 b4 16. f4 bxc3 17. bxc3 f6 18. Ne3 Ba6 19. h4 Qc7 20. f5 Bc8 21. Rf2 gxf5
22. exf5 Kh8 23. g4 Ng8 24. Ng3 Bb7 25. Raf1 Qf7 26. Ne4 Rfd8 27. g5 Nce7 28.
Qe2 Bxe4 29. dxe4 Rb7 30. Qg4 Rdb8 31. h5 fxg5 32. f6 Nc8 33. Qxg5 Nb6 34. h6
Nxh6 35. Qxh6 Rg8 36. Nd5 Rg6 37. Qh3 Nc4 38. Ne7 1-0

[Event "4NCL/Div3/BRI2 vs. GUI4"]
[Site "Coventry ENG"]
[Date "2006.11.11"]
[Round "3.6"]
[White "Eckloff, Colin"]
[Black "Stewart, Joseph"]
[Result "0-1"]
[WhiteElo "1940"]
[BlackElo "2020"]
[PlyCount "64"]
[EventDate "2006.11.11"]
[EventType "team"]
[EventRounds "11"]
[EventCountry "ENG"]
[WhiteTeam "Guildford-ADC 4"]
[BlackTeam "Bristol 2"]

1. d4 d5 2. c4 e6 3. Nc3 Nf6 4. cxd5 exd5 5. Bg5 c6 6. e3 Qb6 7. Qc2 Be7 8. Bd3
Bg4 9. f3 Bh5 10. Nge2 Bg6 11. Bxg6 hxg6 12. h3 Na6 13. a3 Qd8 14. Rd1 Nh5 15.
Bf4 Nxf4 16. exf4 Bd6 17. g3 g5 18. f5 Qf6 19. Kf2 Nc7 20. Nb1 O-O-O 21. Nd2 g6
22. fxg6 fxg6 23. b4 Nb5 24. Qd3 Rde8 25. a4 Rxe2+ 26. Qxe2 Nc3 27. Qe3 Nxd1+
28. Rxd1 Qe7 29. Qd3 Rxh3 30. Qxg6 Rh2+ 31. Kg1 Qe2 32. Qf7 Qf2# 0-1

[Event "4NCL/Div3/BRI2 vs. GUI4"]
[Site "Coventry ENG"]
[Date "2006.11.11"]
[Round "3.7"]
[White "Bromilow, Edward"]
[Black "Gibbs, Daniel"]
[Result "1-0"]
[WhiteElo "1965"]
[BlackElo "1985"]
[PlyCount "53"]
[EventDate "2006.11.11"]
[EventType "team"]
[EventRounds "11"]
[EventCountry "ENG"]
[WhiteTeam "Bristol 2"]
[BlackTeam "Guildford-ADC 4"]

1. d4 g6 2. e4 Bg7 3. Nf3 d6 4. Nc3 a6 5. Be3 Nd7 6. Qd2 h6 7. h3 e6 8. Bd3 b6
9. O-O-O Bb7 10. Kb1 Ne7 11. Rhe1 Kf8 12. Nh2 c5 13. Be2 d5 14. exd5 Bxd5 15.
Bf3 Nf6 16. dxc5 bxc5 17. Bxc5 Rb8 18. b3 Qc7 19. Bxe7+ Kxe7 20. Bxd5 Rhd8 21.
Qe3 Ng4 22. Nxg4 Qxc3 23. Qxc3 Bxc3 24. Re3 h5 25. Nh2 Rb5 26. Rxc3 Rbxd5 27.
Rxd5 1-0